2025 Movies Blurred - Statistics

General Stats
  • This quiz has been taken 40 times
  • The average score is 24 of 50
Answer Stats
Picture Answer % Correct
A Minecraft Movie
95%
Avatar: Fire And Ash
89%
Captain America: Brave New World
89%
Lilo & Stitch
86%
Superman
86%
Wicked: For Good
86%
F1
81%
How To Train Your Dragon
81%
KPop Demon Hunters
81%
Snow White
81%
The Fantastic 4: First Steps
81%
Wake Up Dead Man: A Knives Out Mystery
73%
Karate Kid: Legends
65%
Mickey 17
65%
One Battle After Another
65%
Sinners
65%
The Bad Guys 2
62%
Thunderbolts*
62%
Jurassic World: Rebirth
59%
Elio
57%
Final Destination: Bloodlines
51%
Mission: Impossible - The Final Reckoning
51%
The Naked Gun
51%
Weapons
51%
Anaconda
49%
Ballerina
46%
Predator: Badlands
46%
28 Years Later
41%
Novocaine
41%
The Long Walk
41%
The Running Man
41%
Frankenstein
38%
I Know What You Did Last Summer
35%
Bridget Jones: Mad About The Boy
30%
Death Of A Unicorn
30%
Heart Eyes
30%
Caught Stealing
27%
Kinda Pregnant
24%
The Gorge
19%
A Working Man
16%
Black Bag
16%
The Amateur
16%
Locked
14%
The Roses
14%
Wolf Man
14%
Back In Action
11%
Fountain Of Youth
11%
The Old Guard 2
8%
G20
5%
In The Lost Lands
3%
No matching quizzes found
Score Distribution
Percent of People with Each Score
Percentile by Number Answered
Your Score History
You have not taken this quiz